Banner
Vista normal Vista MARC
  • Jerarquía social

Entrada Topical Term

Número de registros utilizados en: 1

001 - CONTROL NUMBER

  • control field: 2734

003 - CONTROL NUMBER IDENTIFIER

  • control field: armpun

005 - DATE AND TIME OF LATEST TRANSACTION

  • control field: 20250829124613.0

008 - FIXED-LENGTH DATA ELEMENTS

  • fixed length control field: 250829|| aca||aabn | a|a d

040 ## - CATALOGING SOURCE

  • Original cataloging agency: armpun
  • Transcribing agency: armpun

150 ## - HEADING--TOPICAL TERM

  • Topical term or geographic name as entry element: Jerarquía social

670 ## - SOURCE DATA FOUND

  • Source citation: Work cat.: (armpun)3057: Torrado, Susana 2733, Familia y diferenciación social , 2006

XHTML | CSS | ©Biblioteca Central - Dto. Tecnología de la Información - [ Con tecnología Koha ]